LIBRARY & INFORMATION CENTRE, KCAET, TAVANUR

ONLINE PUBLIC ACCESS CATALOGUE (OPAC)

Textbook of Agronomy (Record no. 17700)

MARC details
000 -LEADER
fixed length control field 00416nam a22001697a 4500
003 - CONTROL NUMBER IDENTIFIER
control field OSt
008 - FIXED-LENGTH DATA ELEMENTS--GENERAL INFORMATION
fixed length control field 230522b |||||||| |||| 00| 0 eng d
041 ## - LANGUAGE CODE
Language code of text/sound track or separate title eng
082 ## - DEWEY DECIMAL CLASSIFICATION NUMBER
Classification number 630.21
Item number CHA/TE
100 ## - MAIN ENTRY--AUTHOR NAME
Personal name Chandrasekaran, B
100 ## - MAIN ENTRY--AUTHOR NAME
Personal name Annadurai, K
100 ## - MAIN ENTRY--AUTHOR NAME
Personal name Somasundaram,E
245 ## - TITLE STATEMENT
Title Textbook of Agronomy
260 ## - PUBLICATION, DISTRIBUTION, ETC. (IMPRINT)
Place of publication New delhi
Name of publisher New age publication
Year of publication 2021
300 ## - PHYSICAL DESCRIPTION
Number of Pages 835
942 ## - ADDED ENTRY ELEMENTS (KOHA)
Koha item type Books
Holdings
Withdrawn status Lost status Damaged status Collection code Home library Current library Shelving location Date acquired Source of acquisition Cost, normal purchase price Full call number Accession Number Koha item type
      General Books KAUAET KAUAET General Stacks 25/03/2023 eedeeyou, Manjeri 1199.00 630.21 CHA/TE 26189 Books
      General Books KAUAET KAUAET General Stacks 25/03/2023 eedeeyou, Manjeri 1199.00 630.21 CHA/TE 26190 Books
      General Books KAUAET KAUAET Scheme 31/03/2023 eedeeyou, Manjeri 1199.00 630.21 CHA/TE BB662 Book Bank scheme for SC students
free website counter